000 00706nam a2200289Ia 4500
005 20260324124024.0
008 008 260324s9999 xx 000 0 eng d
020 _a9781315598857
037 _aEBOOK
040 _aCRL
040 _beng
040 _cCRL
041 _2eng
041 _aeng
084 _qCRL
100 _aJohn Fisher; Antony Best
_91172552
245 0 _aOn the Fringes of Diplomacy
245 0 _bInfluences on British Foreign Policy, 1800–1945
260 _bTaylor and Francis
260 _c2011
365 _a
365 _b240
856 _uhttp://www.taylorfrancis.com/books/9781315598857
942 _cEBOOK
999 _c1766575
_d1766575